000 00771nam a2200241Ia 4500
005 20250117103606.0
008 008 250103s9999 xx 000 0 eng d
020 _a9781032024769
037 _aTextual
040 _aCSL
_beng
_cCSL
041 _aeng
_2eng
084 _aC21:(D) R3
_qCSL
245 0 _aIndustrial applications of nanoparticles: A prospective ovreview
_cLitter, Marta I (Ed.); Ahmad, Arslan (Ed.)
260 _aBoca Raton
_bCRC Press/T&F
_c2023
300 _aviii, 333p. ill.
650 _a Nanophotocatalsts
_9734078
650 _a Photocatalytic
_9734079
650 _aPhysics
700 _a Ahmad, Arslan (Ed.)
_9734080
700 _aLitter, Marta I (Ed.)
_9734081
942 _cTEXL
_hC21:(D) R3
999 _c1237822
_d1237822